000 00847nam a22002777a 4500
001 0074
003 DO-SdBNP
005 20180131152224.0
007 0074
008 151026b 1999 sp 00| 0 spa d
020 _a9788427234512
040 _aBPMSU
_bspa
_cBPMSU
041 1 7 _aspa
_heng
092 _axxxxxxxxx
_bxxxxxxxxx
100 1 0 _aBlyton, Enid
_d1897-1968
240 1 _aThe twins at St. Clare´s /
245 1 4 _aLas mellizas cambian de colegio /
_cEnid Blyton ; traducción Isabel Franco ; ilustración José María Bea
260 _aBarcelona, España :
_bMolino,
_c1999.
300 _a181 p. :
_bil.,
_c18 cm.
700 1 0 _aFranco, Isabel,
_etr.
700 1 0 _aBea, José María,
_eil.
942 _2ddc
_cBK
945 _aInventariado, 2018/ YL
956 _aBrenda Tavárez
956 _aYngrid Lockward
_2YLOCKWARD
_310
_8BPMSU
_c20161021
999 _c8456
_d8456